000 004460000a22001810004500
003 LK-CoMWRAF
008 230817t ||||| |||| 00| 0 eng d
040 _aLK-CoMWRAF
_dLK-CoMWRAF
_eLK-CoMWRAF
041 _aeng
082 _a720
_bJOT
100 _aJothilingam, S.A
245 _aIlankayin Arasiyal Yappugal
_b
260 _bKumaran
_aColombo
_c1999
300 _ap.169
650 _aConstitution of Sri Lanka
650 _aTamil
942 _cBK
999 _c715
_d715